000 00405nam a2200181Ia 4500
003 0STCL
008 150530s9999 xx 000 0 und d
040 _aSTCL
_cSTCL
100 _aRam, B
245 _aFundamentals of Microprocessor and Microcomputers
250 _a6
260 _c2009
_aNew Delhi
300 _a0
546 _aEnglish
942 _2ddc
_cBK
999 _c494
_d494
005 20220125160159.0